Responses for show #7033 - Wednesday, March 25, 2015

Contestants

[<< previous game]

Tim Hague, a tech support retiree from Flower Mound, Texas

Jacqueline Hawkins, an English professor from Louisville, Kentucky

Gautam Mukunda, a professor from Boston, Massachusetts (whose 1-day cash winnings total $24,401)

[next game >>]

Jeopardy! Round responses

THERE'S NO STOPPING THEM
WHO'S THE MAMA?
MOON WALKING
YOU ARE HERE
WEIGHT, WEIGHT
DON'T L ME
(Alex: Each correct response will not have the letter L in it.)
    $200 11
(William Tecumseh) Sherman

Jacqueline
    $200 6
Cher

Tim
    $200 5
duct tape

Jacqueline
    $200 16
China

Gautam
    $200 26
hydrogen

Jacqueline
    $200 21
true

Gautam
    $400 12
perpetual motion

Tim
    $400 7
Christie Brinkley

Tim
    $400 4
Neil Armstrong

Tim
    $400 17
Vancouver

Jacqueline
    $400 27
a satellite

Gautam
    $400 22
the Tories

Jacqueline
    $600 13
(Tim: [laughs] Who is [*]?)

Fleetwood Mac

Tim
    $600 8
Anne Meara

Tim
    $600 3
(Gautam: What's a lead weight?)
(Tim: What's a ball?)
...
(Alex: A reference to the song, "If I Had [*]". Back to you, Gautam.)

a hammer

GautamTim
Triple Stumper
    $600 18
Barcelona

Tim
    $600 28
a crocodile

Jacqueline
    $600 23
fair

Gautam
    $800 14
(Emily) Dickinson

Jacqueline
    $800 9
Tippi Hedren

Tim
    $1,000 1
(Alex: Correct. [applause] The Daily Double is now gone. Where do we go next?)
(Gautam: That was quick. MOON WALKING for $1,000.)

Apollo 12

Gautam
    $800 19
(Jacqueline: What is the Sahara?)

the Kalahari

GautamJacqueline
    $800 29
(Jacqueline: What is 12 lbs.?)

16 lbs.

Jacqueline
Triple Stumper
    $800 24
(Alex: [*]. Yeah, you almost said "blue", didn't you? Yeah.)

white

Jacqueline
    $1000 15
Thomas A. Becket

Jacqueline
    $1000 10
(Tim: Now all I have to do is come up with the first name. Who is...[time's up] Di Coppola?)
(Alex: Oh, you took too much time.)

Talia Shire

Tim
Triple Stumper
    $1000 2
(Alan) Shepard

Gautam
    $1000 20
Christchurch

Triple Stumper
    $1000 30
the Brachiosaurus

Triple Stumper
    $1000 25
meat

Triple Stumper

Scores at the first commercial break (after clue 15):

Gautam Jacqueline Tim
$1,400 $2,200 $1,800

Scores at the end of the Jeopardy! Round:

Gautam Jacqueline Tim
$3,600 $3,000 $2,400

Double Jeopardy! Round responses

(Alex: Each correct response...)
BEGINS WITH A SILENT LETTER
READING RAINBOW
ANTS
MORTAL MATTERS
UPRISINGS
THE GRAMMYS
    $400 3
a knot

Gautam
    $400 13
Noah

Jacqueline
    $400 9
antennae

Gautam
    $400 18
(Jacqueline: Who is Jesse James?)

William Bonney (or Billy the Kid)

JacquelineTim
    $400 1
The French Revolution

Gautam
    $400 26
Michael Jackson

Jacqueline
    $800 6
gnaw

Jacqueline
    $800 14
Tom Clancy

Tim
    $800 23
an ant farm

Jacqueline
    $800 20
embalming

Tim
    $800 11
the Easter Uprising

Jacqueline
    $800 27
Kelly Clarkson

Jacqueline
    $1200 7
the wringer

Jacqueline
    $1200 15
(Alex: Yes. Game of Thrones.)

The Song of Ice and Fire

Jacqueline
    $1200 22
(Alex: Yes. I don't know that strikes me as funny.)
[laughter]

her wings

Jacqueline
    $1200 19
dirges

Jacqueline
    $1200 12
the Bear Flag Revolt

Triple Stumper
    $1200 28
(Jacqueline: What is "...Different Day"?)

"...Different Park"

Jacqueline
Triple Stumper
    $1600 5
a czarevich

Jacqueline
    $1600 16
Gravity's Rainbow

Jacqueline
    $1600 2
fire ants

Jacqueline
    $1,000 4
(David) Livingstone

Gautam
    $3,800 10
Tunisia

Gautam
    $1600 29
B.B. King

Tim
    $2000 8
psyllium

Tim
    $2000 17
"...the Rainbow Is Enuf"

Triple Stumper
    $2000 24
a carpenter ant

Jacqueline
    $2000 21
Delft

Tim
    $2000 25
the Sepoy Rebellion

Gautam
    $2000 30
"Evergreen"

Triple Stumper

Scores at the end of the Double Jeopardy! Round:

Gautam Jacqueline Tim
$11,600 $17,000 $10,000

[wagering suggestions for these scores]

Final Jeopardy! Round responses

ACTRESSES
(Alex: The legal assistant's name, of course, was Erin Brockovich. I bet you all got it, so the wagers are gonna be very important.)
TimWho is Julia Roberts?
$9,999
GautamWho is Julia Roberts?
$5,401
JacquelineWho is Julia Roberts?
$6,300
Julia Roberts

Final scores:

Gautam Jacqueline Tim
$17,001 $23,300 $19,999
3rd place: $1,000 New champion: $23,300 2nd place: $2,000

Game dynamics:

Coryat scores:

Gautam Jacqueline Tim
$9,800 $17,000 $10,000
13 R
(including 3 DDs),
1 W
23 R,
4 W
14 R,
2 W

Combined Coryat: $36,800

The J! Archive is created by fans, for fans. The Jeopardy! game show and all elements thereof, including but not limited to copyright and trademark thereto, are the property of Jeopardy Productions, Inc. and are protected under law. This website is not affiliated with, sponsored by, or operated by Jeopardy Productions, Inc. Join the discussion at JBoard.tv.